000 01096cam a22002891i 4500
001 gs 64000224
003 DLC
005 20260227111414.0
008 780316s1964 dcuab b f000 0 eng
010 _ags 64000224
035 _a(OCoLC)3723817
040 _aDLC
_cOClU
_dISS
_dOCoLC
_dDLC
042 _apremarc
050 0 0 _aQE75
_b.P9 no. 431
086 0 _aI 19.16:431
100 1 _aHotz, Preston Enslow,
_d1913-
245 0 0 _aGeology and mineral deposits of the Osgood Mountains quadrangle :
_bHumboldt County, Nevada /
_cby Preston E. Hotz and Ronald Willden.
260 _aWashington :
_bU.S. Govt. Print. Off.,
_c1964.
300 _a128 p. :
_bill., maps (1 col.) ;
_c29 cm.
410 2 0 _aGeological Survey (U.S.).
_tProfessional paper ;
_v431
504 _aBibliography : p. 122-124.
650 0 _aGeology
_zNevada
_zHumboldt County
650 0 _aOre deposits
_zNevada
_zHumboldt County.
650 0 _aMines and mineral resources
_zNevada
_zHumboldt County
700 1 _aWillden, Charles Ronald,
_d1929-
_ejoint author.
740 0 _aOsgood Mountains quadrangle, Humboldt County, Nevada.
999 _c29847
_d29847